000 00286nam a22001337a 4500
008 171101b xxu||||| |||| 00| 0 eng d
020 _a9789994361144
041 _aeng
080 _a339
100 _a59
101 _aTRE
245 _aHYRJE NE EKONOMI
_cAHMET.,M
942 _2udc
_cBK
999 _c37059
_d37059